| 000 | 00739nam a2200241 a 4500 | ||
|---|---|---|---|
| 001 | 000033468 | ||
| 003 | DO-SdBNP | ||
| 005 | 20260321073642.0 | ||
| 007 | ta | ||
| 008 | 091209s1961 ve 000 0 spa d | ||
| 040 |
_aDO-SdBNP _bspa _cBNPHU _erda |
||
| 041 | _hspa | ||
| 082 | 4 |
_a972.93053 _bB742t, 1961 _222 |
|
| 100 | 1 |
_a Bosch, Juan, _d1909-2001 _eautor _976555 |
|
| 245 | 1 | 0 |
_aTrujillo : _bcausas de una tiranía sin ejemplo / _cJuan Bosch. |
| 250 | _aSegunda edición | ||
| 264 |
_aCaracas : _bEditora desconocida, _c1961. |
||
| 300 |
_a199 p. ; _c19 cm. |
||
| 590 | _aInventariado, 2019/ YL | ||
| 600 | 1 | 0 |
_aTrujillo Molina, Rafael Leónidas, _d 1891-1961 _976764 |
| 910 | _aValidado. Control de calidad MFF | ||
| 942 |
_2ddc _cLBS1 |
||
| 999 |
_c32959 _d32959 |
||